000 00276nam a2200121Ia 4500
008 190216s9999||||xx |||||||||||||| ||und||
100 _aNull
245 0 _aHindi-Rahulko Himachalka Prayan
260 _bPublications Division
300 _a125
650 _aHindi
942 _cBK
999 _c15840
_d15840